01246cam a2200289 i 4500001000800000005001700008008004100025010001700066020002400083040001800107041001100125050002000136082002000156245018600176260004200362300004000404500002000444504012600464650002300590650003000613650002100643710009400664740002600758942001200784999001700796952014300813456917719840126000000.0750103s1974 nyua b 001 0 eng  a 74011702  a0671219006 :c$8.95 aDLCcDLCdDLC1 aengger00aQ310b.V36 197400a001.53222bCOM14aThe way things work book of the computer :ban illustrated encyclopedia of information science, cybernetics, and data processing /c[translation and adaptation by C. van Amerongen]. aNew York :bSimon and Schuster,c1974 aviii, 245 p. :bcol. ill. ;c22 cm. aIncludes index. aTranslation and adaptation of Wie funktioniert das? Information, issued by the Bibliographisches Institut A.G., Mannheim. 0aCybernetics.96006 0aInformation theory.96007 0aComputers.960082 aBibliographisches Institut (Mannheim, Germany).tWie funktioniert das? Information.96009 aBook of the computer. 2ddccBB c11790d11790 00102ddc40708Alef-BaaaMAINbMAINcLOWd2009-06-10epurchaseg150.00l1m2o001.53 COMp000016788r2025-07-15 00:00:00s2019-03-06yBB